Normal view
MARC view
- ADASH OF STYLE-THE ART AND MASTERY OF PUNCTUATION
Entry Topical Term
001 - CONTROL NUMBER
- control field: 2169
003 - CONTROL NUMBER IDENTIFIER
- control field: JO-AjAnu
005 - DATE AND TIME OF LATEST TRANSACTION
- control field: 20230606070647.0
008 - FIXED-LENGTH DATA ELEMENTS
- fixed length control field: 230606|| aca||aabn | a|a d
040 ## - CATALOGING SOURCE
- Original cataloging agency: JO-AjAnu
- Transcribing agency: JO-AjAnu
150 ## - HEADING--TOPICAL TERM
- Topical term or geographic name entry element: ADASH OF STYLE-THE ART AND MASTERY OF PUNCTUATION
670 ## - SOURCE DATA FOUND
- Source citation: Work cat.: (JO-AjAnu)1137: تأليفNoah,Lukeman, author 2168, A DASH OF STYLE:THE ART AND MASTERY OF PUNCTUATION